Ludwig Van Beethoven - Statistiques

Statistiques générales
  • Ce quiz a été pris 31 fois
  • Le résultat moyen est 9 sur 16
Statistiques - réponses
Hint Réponse % Correct
Combien de symphonies a t'il composées? 9
100%
De quel handicap souffrait-il ? surdité
91%
Une facile pour commencer : quelle symphonie commence par le célèbre « pom pom pom pom » cinquieme
86%
D’après une célèbre œuvre au piano, à quelle femme écrit-il une lettre, en 1810 ? Elise
86%
En 1787 à Vienne, quel autre musicien rencontre-il furtivement à l’âge de 16 ans ? Mozart
86%
Né à Bonn, mais où est-il mort ? à Vienne
77%
Comment se nomme le dernier mouvement choral de la neuvième symphonie, choisi par la suite comme hymne européen. Ode à la joie
68%
Quel nom porte sa célèbre sonate pour piano seul n°14 ? Au Clair de Lune
55%
De quelle branche de la musique classique est-il le précurseur ? romantisme
55%
Beethoven n’a écrit qu’un seul opéra. Quel est son nom ? Fidelio
50%
A quel grand homme la Symphonie n°3, dite « héroïque » était-elle dédiée initialement ? Napoléon Ier
45%
Dans quel film de Kubrick les protagonistes sont-ils de grands amateurs de Beethoven ? Orange Mécanique
41%
Quel nom porte la sixième symphonie ? Pastorale
36%
Quel acteur interprête Beethoven en 1994 dans « Ludwig Van B ?. » ? Gary Oldman
23%
Chose moins connue, cette symphonie porte un nom. Lequel ? du Destin
18%
Quel chanteur populaire a repris en 1970 le thème de la 7e symphonie, pour sa chanson « Poème sur la 7e » ? Johnny Hallyday
14%
Aucun quiz correspondant
Distribution des résultats
% des personnes avec chaque résultat
Percentile par nombre de réponses
Votre historique - résultats
Vous n’avez pas pris ce quiz